[Event "Robin Girard mem"]
[Site "Charlesbourg CAN"]
[Date "2010.09.05"]
[Round "4"]
[White "Champetier, Serge"]
[Black "Dorion, Francois"]
[Result "1-0"]
[WhiteElo "1955"]
[BlackElo "1650"]
[PlyCount "85"]
[EventDate "2010.09.03"]
[EventType "swiss"]
[EventRounds "5"]
[EventCountry "CAN"]

1. e4 e5 2. Nf3 Nc6 3. d4 exd4 4. Nxd4 Bc5 5. Be3 Qf6 6. c3 Nge7 7. Bc4 O-O 8.
O-O d6 9. Kh1 a6 10. a4 Ne5 11. Be2 Qh4 12. f4 Ng4 13. Bg1 Bxd4 14. cxd4 d5 15.
Ra3 Nf6 16. e5 Ne4 17. Nd2 Nf5 18. Nxe4 dxe4 19. g3 Qe7 20. Qc2 Be6 21. Bc4 c6
22. Bxe6 Qxe6 23. Qxe4 Nd6 24. Qg2 Nc4 25. Rc3 Nb6 26. a5 Nd5 27. f5 Qe7 28.
Rc5 Qg5 29. h4 Qh6 30. Qe2 Rab8 31. Rfc1 Rfc8 32. R1c2 b6 33. axb6 g6 34. f6
Nb4 35. R2c4 Rxb6 36. d5 Qf8 37. dxc6 Rbxc6 38. Rxc6 Rxc6 39. Rxc6 Nxc6 40. e6
Qa8 41. Kh2 fxe6 42. Qxe6+ Kh8 43. Qd7 1-0

[Event "Robin Girard mem"]
[Site "Charlesbourg CAN"]
[Date "2010.09.05"]
[Round "4"]
[White "Cournoyer, Dominic"]
[Black "Bolduc, Steve"]
[Result "0-1"]
[WhiteElo "1960"]
[BlackElo "2281"]
[PlyCount "62"]
[EventDate "2010.09.03"]
[EventType "swiss"]
[EventRounds "5"]
[EventCountry "CAN"]

1. c4 Nf6 2. Nc3 d5 3. cxd5 Nxd5 4. g3 g6 5. Bg2 Nb6 6. Nf3 Bg7 7. O-O O-O 8.
b3 Nc6 9. Bb2 e5 10. d3 Nd4 11. e3 Ne6 12. Rb1 Bd7 13. Qc2 Qe7 14. Rfd1 Bc6 15.
Ne2 f6 16. d4 e4 17. Nd2 f5 18. Nc4 Rfd8 19. Nc3 Ng5 20. Na5 Qe6 21. Rbc1 Nf3+
22. Kh1 g5 23. Nxc6 bxc6 24. h3 g4 25. h4 Bf6 26. Ne2 Bxh4 27. gxh4 Qh6 28.
Bxf3 Qxh4+ 29. Kg1 gxf3 30. Nf4 Kf7 31. Ng6 Rg8 0-1

[Event "Robin Girard mem"]
[Site "Charlesbourg CAN"]
[Date "2010.09.05"]
[Round "4"]
[White "Potvin, Alain-Nicolas"]
[Black "Lessard, Claude"]
[Result "1-0"]
[WhiteElo "1750"]
[BlackElo "2027"]
[PlyCount "47"]
[EventDate "2010.09.03"]
[EventType "swiss"]
[EventRounds "5"]
[EventCountry "CAN"]

1. d4 Nf6 2. Nf3 c5 3. e3 e6 4. Bd3 d5 5. c3 Nc6 6. Nbd2 cxd4 7. exd4 Bd6 8.
O-O O-O 9. Qe2 Qc7 10. Re1 h6 11. Ne5 Nd7 12. f4 Bxe5 13. fxe5 f5 14. Qh5 Nb6
15. Re3 Qf7 16. Qh4 Ne7 17. Rh3 Nc4 18. Nf3 Ng6 19. Qg3 Bd7 20. Nh4 Ne7 21.
Bxh6 Nxb2 22. Be2 Nc4 23. Bh5 g6 24. Nxg6 1-0

[Event "Robin Girard mem"]
[Site "Charlesbourg CAN"]
[Date "2010.09.05"]
[Round "5"]
[White "Auger, Bertrand"]
[Black "Cournoyer, Dominic"]
[Result "1/2-1/2"]
[WhiteElo "1960"]
[BlackElo "1960"]
[PlyCount "96"]
[EventDate "2010.09.03"]
[EventType "swiss"]
[EventRounds "5"]
[EventCountry "CAN"]

1. Nf3 Nf6 2. g3 d5 3. c4 c6 4. b3 g6 5. Bb2 Bg7 6. Bg2 O-O 7. O-O Be6 8. d3
Qd7 9. Re1 Na6 10. Nbd2 Bh3 11. Bh1 Nc5 12. b4 Ne6 13. Ne5 Qc7 14. Qb3 dxc4 15.
Ndxc4 Rad8 16. Nf3 Bg4 17. Nce5 Bxf3 18. Nxf3 Qb6 19. e3 Nd5 20. Bxg7 Kxg7 21.
Rab1 Kg8 22. Bg2 Nf6 23. Ne5 Qc7 24. d4 Ng5 25. Rec1 Qb6 26. a4 Nge4 27. Qc2
Nd6 28. a5 Qb5 29. Qc5 a6 30. Qc2 Nd7 31. f4 Nxe5 32. fxe5 Nf5 33. Qf2 Qd3 34.
Re1 f6 35. Qa2+ Kh8 36. Rb3 Qc4 37. exf6 exf6 38. Qb2 Kg7 39. Rc3 Qe6 40. Bh3
Qe4 41. Bxf5 Qxf5 42. Rf1 Qe6 43. Qf2 f5 44. Qf4 Rfe8 45. Rfc1 Rd7 46. R1c2 Rd5
47. Kf2 Rb5 48. Rc4 Re7 1/2-1/2

[Event "Robin Girard mem"]
[Site "Charlesbourg CAN"]
[Date "2010.09.05"]
[Round "5"]
[White "Groleau, Gilles"]
[Black "Potvin, Alain-Nicolas"]
[Result "1-0"]
[WhiteElo "1950"]
[BlackElo "1750"]
[PlyCount "35"]
[EventDate "2010.09.03"]
[EventType "swiss"]
[EventRounds "5"]
[EventCountry "CAN"]

1. e4 g6 2. d4 Bg7 3. Nf3 d6 4. Be2 c6 5. O-O Nf6 6. Nc3 b5 7. e5 dxe5 8. dxe5
Qxd1 9. Rxd1 Ng4 10. Bf4 Nd7 11. e6 fxe6 12. Ng5 Ndf6 13. Bf3 Bd7 14. Nxb5 e5
15. Nc7+ Kf8 16. Nxa8 exf4 17. Bxg4 Bxg4 18. Rd8+ 1-0

[Event "Rodgers mem."]
[Site "Ottawa CAN"]
[Date "2010.09.16"]
[Round "1"]
[White "Liu, Dan"]
[Black "Pacey, Kevin"]
[Result "1/2-1/2"]
[WhiteElo "1880"]
[BlackElo "2383"]
[PlyCount "103"]
[EventDate "2010.09.16"]
[EventType "swiss"]
[EventRounds "6"]
[EventCountry "CAN"]

1. e4 c5 2. Nc3 e6 3. g3 d5 4. exd5 exd5 5. d4 c4 6. Bg2 Nf6 7. Nge2 h6 8. Nf4
Bg4 9. f3 Bf5 10. O-O Be7 11. Re1 Nc6 12. a3 O-O 13. Be3 Re8 14. Bf2 b5 15. Na2
a5 16. Nc1 Qd7 17. Bf1 Bd6 18. Rxe8+ Rxe8 19. Ng2 Ne7 20. b3 Nc6 21. Ne3 a4 22.
bxa4 bxa4 23. Ne2 Be6 24. Nc3 Ra8 25. Nxc4 dxc4 26. d5 Bf5 27. dxc6 Qxc6 28.
Bg2 Bc5 29. Qd2 Qb6 30. Ra2 Rd8 31. Qe1 Bxf2+ 32. Qxf2 Qxf2+ 33. Kxf2 Rd2+ 34.
Kg1 Rxc2 35. Rxc2 Bxc2 36. Bf1 Bb3 37. Kf2 Nd7 38. Ke3 Ne5 39. Be2 g5 40. Kd4
f6 41. Ne4 Kf7 42. Nd6+ Ke7 43. Nf5+ Ke6 44. Nxh6 Nc6+ 45. Kc3 Kd5 46. Ng4 Kc5
47. Nxf6 Nd4 48. Ne4+ Kd5 49. Nf6+ Kc5 50. Ne4+ Kd5 51. Nf6+ Kc5 52. Ne4+
1/2-1/2

[Event "Rodgers mem."]
[Site "Ottawa CAN"]
[Date "2010.09.23"]
[Round "2"]
[White "Pacey, Kevin"]
[Black "Sun, Mike"]
[Result "1-0"]
[WhiteElo "2383"]
[BlackElo "1446"]
[PlyCount "47"]
[EventDate "2010.09.16"]
[EventType "swiss"]
[EventRounds "6"]
[EventCountry "CAN"]

1. e4 d6 2. d4 Nf6 3. Nc3 g6 4. f4 Bg7 5. e5 Nfd7 6. Nf3 Nb6 7. Be3 N8d7 8. Qd2
dxe5 9. dxe5 O-O 10. O-O-O a5 11. e6 fxe6 12. Ng5 Rf6 13. Bxb6 cxb6 14. Nxe6
Rxe6 15. Bc4 Kh8 16. Bxe6 Qf8 17. Bxd7 Bxd7 18. Qxd7 Qxf4+ 19. Kb1 Qb4 20. a3
Qc5 21. Na4 Qg5 22. Rhe1 Bf6 23. Nxb6 Rf8 24. Nd5 1-0

[Event "Rodgers mem."]
[Site "Ottawa CAN"]
[Date "2010.09.30"]
[Round "3"]
[White "Arseneau, Peter"]
[Black "Pacey, Kevin"]
[Result "0-1"]
[WhiteElo "1975"]
[BlackElo "2355"]
[PlyCount "70"]
[EventDate "2010.09.16"]
[EventType "swiss"]
[EventRounds "6"]
[EventCountry "CAN"]

1. e4 c5 2. Nf3 Nc6 3. d4 cxd4 4. Nxd4 Nf6 5. Nc3 e5 6. Ndb5 d6 7. Bg5 a6 8.
Na3 b5 9. Bxf6 gxf6 10. Nd5 f5 11. c3 Bg7 12. Bd3 Be6 13. Qf3 Bxd5 14. exd5 e4
15. Qxf5 exd3 16. dxc6 Qe7+ 17. Kf1 Qe2+ 18. Kg1 O-O 19. Qf3 Qxb2 20. Rd1 Qxa3
21. h4 Qxc3 22. Rh3 Rae8 23. Rxd3 Re1+ 24. Kh2 Qa1 25. Qg4 f5 26. Qg5 h6 27.
Qd2 Rh1+ 28. Kg3 Be5+ 29. f4 Rxh3+ 30. Kxh3 Qh1+ 31. Kg3 Bf6 32. Rxd6 Bxh4+ 33.
Kf3 Qf1+ 34. Ke3 Re8+ 35. Kd4 Qc4# 0-1

[Event "Rodgers mem."]
[Site "Ottawa CAN"]
[Date "2010.10.07"]
[Round "4"]
[White "Pacey, Kevin"]
[Black "Qin, Zi Yi (Joey)"]
[Result "0-1"]
[WhiteElo "2355"]
[BlackElo "2362"]
[PlyCount "66"]
[EventDate "2010.09.16"]
[EventType "swiss"]
[EventRounds "6"]
[EventCountry "CAN"]

1. g3 Nf6 2. Bg2 g6 3. e4 d6 4. d4 Bg7 5. Nc3 O-O 6. Nge2 c5 7. dxc5 dxc5 8.
Qxd8 Rxd8 9. e5 Ng4 10. f4 f6 11. h3 Nh6 12. g4 Nc6 13. Be3 fxe5 14. fxe5 Nf7
15. Bxc5 Nfxe5 16. O-O Be6 17. Nf4 Bc4 18. Bd5+ Bxd5 19. Nfxd5 Rd7 20. Rad1 Re8
21. Kg2 b6 22. Bf2 Red8 23. Bh4 Nc4 24. Bxe7 Rxd5 25. Bxd8 Ne3+ 26. Kf3 Rxd1
27. Nxd1 Nxf1 28. Bg5 Be5 29. c3 Kf7 30. Nf2 Ke6 31. Kg2 Ng3 32. Kf3 Kd5 33.
Nd3 Ne4 0-1

[Event "Saguenay op"]
[Site "Saguenay CAN"]
[Date "2010.04.09"]
[Round "1"]
[White "Bolduc, Steve"]
[Black "Bedard, Benjamin"]
[Result "1/2-1/2"]
[WhiteElo "2313"]
[BlackElo "2086"]
[PlyCount "103"]
[EventDate "2010.04.09"]
[EventType "swiss"]
[EventRounds "5"]
[EventCountry "CAN"]

1. d4 Nf6 2. Nf3 e6 3. g3 b6 4. Bg2 Bb7 5. O-O c5 6. c4 cxd4 7. Qxd4 Nc6 8. Qf4
Be7 9. Nc3 a6 10. Rd1 d6 11. e4 Qc7 12. b3 O-O 13. Ba3 Rfd8 14. Rac1 Rac8 15.
Nd5 exd5 16. cxd5 Qb8 17. dxc6 Rxc6 18. Rxc6 Bxc6 19. Nd4 Bd7 20. Nf5 Bxf5 21.
Qxf5 Nd7 22. Qd5 Nc5 23. Bb2 Re8 24. b4 Na4 25. Bd4 Qc8 26. b5 Nc5 27. bxa6
Qxa6 28. Bf1 Qc8 29. Bc4 Rf8 30. Be3 Kh8 31. Rb1 f5 32. Rxb6 Nxe4 33. Qc6 Qd8
34. Bd5 Nf6 35. a4 Nxd5 36. Qxd5 f4 37. gxf4 Rxf4 38. Bxf4 Qxb6 39. Qa8+ Qd8
40. Qc6 h6 41. Bg3 d5 42. a5 d4 43. Be5 Bf6 44. Bxf6 gxf6 45. Qb6 Qg8+ 46. Kf1
Qc4+ 47. Kg2 Qd5+ 48. f3 Qg5+ 49. Kf2 Qd2+ 50. Kg3 Qg5+ 51. Kf2 Qd2+ 52. Kg3
1/2-1/2

[Event "Saguenay op"]
[Site "Saguenay CAN"]
[Date "2010.04.10"]
[Round "2"]
[White "Bolduc, Steve"]
[Black "Cournoyer, Dominic"]
[Result "1-0"]
[WhiteElo "2313"]
[BlackElo "1985"]
[PlyCount "81"]
[EventDate "2010.04.09"]
[EventType "swiss"]
[EventRounds "5"]
[EventCountry "CAN"]

1. d4 f5 2. g3 Nf6 3. Bg2 d5 4. Nf3 e6 5. O-O Bd6 6. c4 c6 7. b3 O-O 8. Ba3
Bxa3 9. Nxa3 Bd7 10. Nc2 Be8 11. Ne5 Bh5 12. Qd3 Nbd7 13. cxd5 cxd5 14. Rfc1
Rc8 15. Ne1 Qb6 16. Nxd7 Nxd7 17. Qe3 h6 18. Nd3 Qd6 19. h4 b6 20. Bf3 Bf7 21.
Kg2 Nf6 22. Ne5 Nd7 23. Nxf7 Kxf7 24. Rc3 Nf6 25. Rac1 Qd7 26. R1c2 Rxc3 27.
Qxc3 Ne4 28. Qc7 Rd8 29. e3 Nf6 30. Be2 Qxc7 31. Rxc7+ Rd7 32. Rc8 Ne8 33. Bh5+
g6 34. Bxg6+ Kxg6 35. Rxe8 Kf7 36. Rc8 Rb7 37. Kf3 a5 38. Kf4 Kf6 39. h5 a4 40.
Rg8 axb3 41. axb3 1-0

[Event "Saguenay op"]
[Site "Saguenay CAN"]
[Date "2010.04.10"]
[Round "3"]
[White "Sambuev, Bator"]
[Black "Bolduc, Steve"]
[Result "1-0"]
[WhiteElo "2559"]
[BlackElo "2313"]
[PlyCount "145"]
[EventDate "2010.04.09"]
[EventType "swiss"]
[EventRounds "5"]
[EventCountry "CAN"]

1. d4 d5 2. c4 e6 3. Nc3 c5 4. cxd5 exd5 5. Nf3 Nc6 6. g3 Nf6 7. Bg2 Be7 8. O-O
O-O 9. Bg5 cxd4 10. Nxd4 h6 11. Be3 Re8 12. Qa4 Bd7 13. Qb3 Na5 14. Qc2 Rc8 15.
Nf5 Bf8 16. Rad1 Be6 17. Qb1 Nc4 18. Bd4 g6 19. Ne3 Bg7 20. Nexd5 Nxd5 21. Bxg7
Kxg7 22. Nxd5 Bxd5 23. Bxd5 Qf6 24. e3 b6 25. Rd4 Ne5 26. Qd1 h5 27. Qe2 Rc5
28. Rfd1 Rec8 29. Kg2 g5 30. Qxh5 Rh8 31. Qe2 Qf5 32. h4 gxh4 33. Rf4 Qc8 34.
gxh4 Kf8 35. Kh2 Qd8 36. Bg2 Rxh4+ 37. Kg1 Qg5 38. b4 Rc3 39. Rxh4 Qxh4 40. Qb2
Ng4 41. Rd2 Qh2+ 42. Kf1 Qc7 43. Bd5 Nf6 44. Bf3 Ke7 45. Kg2 Qe5 46. b5 Qg5+
47. Kf1 Qc5 48. a4 Qc4+ 49. Kg2 Qc5 50. Rd4 Qg5+ 51. Kf1 Rc5 52. Rf4 Nd7 53.
Be4 Qh5 54. Bf3 Qg5 55. Rg4 Qf5 56. Be2 Ne5 57. Rg3 Qe4 58. Kg1 Rc2 59. Qa3+
Rc5 60. a5 Qb1+ 61. Kg2 Qe4+ 62. Kg1 Qb1+ 63. Kh2 Qh7+ 64. Rh3 Qf5 65. Kg2 Qe4+
66. f3 Qc2 67. Kf2 bxa5 68. Rh4 Kf6 69. Qa1 Rc3 70. Rd4 Ke7 71. Qxa5 Rc7 72. b6
axb6 73. Qxe5+ 1-0

[Event "Saguenay op"]
[Site "Saguenay CAN"]
[Date "2010.04.11"]
[Round "4"]
[White "Larochelle, Martial"]
[Black "Bolduc, Steve"]
[Result "1/2-1/2"]
[WhiteElo "2172"]
[BlackElo "2313"]
[PlyCount "118"]
[EventDate "2010.04.09"]
[EventType "swiss"]
[EventRounds "5"]
[EventCountry "CAN"]

1. e4 d6 2. d4 Nf6 3. Nc3 g6 4. f4 Bg7 5. Nf3 c5 6. dxc5 Qa5 7. Bd3 Qxc5 8. Qe2
Bg4 9. Be3 Qa5 10. O-O Nc6 11. h3 Bxf3 12. Qxf3 O-O 13. a3 Nd7 14. b4 Qd8 15.
Bd2 Rc8 16. Qg3 Nxb4 17. axb4 Bxc3 18. Bxc3 Rxc3 19. Kh1 Qb6 20. Qg5 Re8 21. h4
Qxb4 22. Rab1 Qc5 23. Rxb7 Qxg5 24. hxg5 Nc5 25. Rxa7 Nxd3 26. cxd3 Rxd3 27.
Re1 Kf8 28. Kh2 Rc3 29. g3 Rb8 30. e5 dxe5 31. Rxe5 e6 32. Re1 Rb2+ 33. Kh3
Rbb3 34. Rg1 Re3 35. Ra8+ Kg7 36. Re8 e5 37. Rxe5 Rxe5 38. fxe5 Re3 39. Kg4
Re4+ 40. Kf3 Rxe5 41. Kf4 Rf5+ 42. Kg4 Ra5 43. Rh1 Rf5 44. Rh3 Rf1 45. Rh2 f5+
46. gxf6+ Rxf6 47. Ra2 h5+ 48. Kh3 Rf3 49. Ra5 Kh6 50. Kg2 Rf5 51. Ra4 Kg5 52.
Kh3 Rd5 53. Rb4 Kf5 54. Rf4+ Ke5 55. Kh4 Ke6 56. Re4+ Kf5 57. Rf4+ Ke5 58. Ra4
Kf6 59. g4 hxg4 1/2-1/2

[Event "Saguenay op"]
[Site "Saguenay CAN"]
[Date "2010.04.11"]
[Round "5"]
[White "Bolduc, Steve"]
[Black "Fortier, Marc-Andre"]
[Result "1/2-1/2"]
[WhiteElo "2313"]
[BlackElo "2126"]
[PlyCount "102"]
[EventDate "2010.04.09"]
[EventType "swiss"]
[EventRounds "5"]
[EventCountry "CAN"]

1. d4 Nf6 2. c4 g6 3. Nc3 Bg7 4. e4 d6 5. Be2 O-O 6. Nf3 Nbd7 7. O-O e5 8. Be3
c6 9. Qc2 Re8 10. Rad1 Qe7 11. d5 c5 12. Ne1 Rf8 13. a3 Ne8 14. Nd3 f5 15. f3
f4 16. Bf2 g5 17. b4 b6 18. bxc5 bxc5 19. Rb1 Rf6 20. Qa4 Nc7 21. Qc6 Nb6 22.
Rxb6 axb6 23. Nb5 Nxb5 24. Qxa8 Na7 25. Qb8 Qb7 26. Qxb7 Bxb7 27. Rb1 Nc8 28.
Rb3 Ba6 29. Nb2 Rf7 30. h4 h6 31. hxg5 hxg5 32. Bf1 Bf6 33. g3 Rh7 34. a4 Bd8
35. Be1 Kf8 36. Ra3 Ke8 37. Nd1 Ne7 38. Nc3 Nc8 39. Nb5 Bxb5 40. cxb5 Ra7 41.
Ra2 Kf8 42. Bh3 Ne7 43. Be6 Ng6 44. g4 Nh4 45. Kf2 Rh7 46. Ra3 Ke8 47. Bc8 Ra7
48. Ba6 Kd7 49. Ke2 Kc7 50. Bf2 Kb8 51. Ra1 Rg7 1/2-1/2

[Event "Samedi 2010.04.24"]
[Site "Ste-Foy CAN"]
[Date "2010.04.24"]
[Round "1"]
[White "Laflamme, Simon"]
[Black "Turgeon, Etienne"]
[Result "0-1"]
[WhiteElo "1809"]
[BlackElo "1381"]
[PlyCount "128"]
[EventDate "2010.04.24"]
[EventType "swiss"]
[EventRounds "5"]
[EventCountry "CAN"]

1. e4 c5 2. c3 d6 3. d4 cxd4 4. cxd4 Nf6 5. Nc3 e6 6. Nf3 Be7 7. Bd3 O-O 8. O-O
a6 9. Qe2 Nc6 10. Be3 Ng4 11. Bf4 e5 12. dxe5 Ngxe5 13. Nxe5 dxe5 14. Be3 Nd4
15. Qd2 Be6 16. Rfd1 Bb4 17. a3 Bxc3 18. Qxc3 Rc8 19. Qb4 a5 20. Qe1 Bg4 21.
Rd2 Nb3 22. Be2 Qh4 23. f3 Qxe1+ 24. Rxe1 Nxd2 25. Bxd2 Be6 26. Bxa5 Bc4 27.
Bxc4 Rxc4 28. Bc3 f6 29. Rd1 Rfc8 30. Rd7 R4c7 31. Rd5 Kf7 32. Kf2 Ke6 33. Ke3
g5 34. g4 h5 35. h3 Rh8 36. Rd2 Rd7 37. Rxd7 Kxd7 38. Kd3 hxg4 39. hxg4 Rh3 40.
Ke3 Rh2 41. Kd3 Kc6 42. Bd2 Kb5 43. b3 Rh1 44. a4+ Kc5 45. b4+ Kc6 46. Bc3 Rh3
47. Ke3 Rh8 48. Kd3 Ra8 49. a5 Kb5 50. Bd2 Rd8+ 51. Kc3 Rxd2 52. Kxd2 Kxb4 53.
Kd3 Kxa5 54. Kc4 b5+ 55. Kd5 b4 56. Ke6 b3 57. Kxf6 b2 58. Kxg5 b1=Q 59. Kf5
Qd3 60. Kxe5 Qxf3 61. g5 Qf7 62. Kd6 Qg6+ 63. Kd5 Qxg5+ 64. e5 Qe7 0-1

[Event "Samedi 2010.04.24"]
[Site "Ste-Foy CAN"]
[Date "2010.05.01"]
[Round "2"]
[White "Gaudreau, Eric"]
[Black "Bissonnette, Mathieu"]
[Result "1-0"]
[WhiteElo "1759"]
[BlackElo "1453"]
[PlyCount "103"]
[EventDate "2010.04.24"]
[EventType "swiss"]
[EventRounds "5"]
[EventCountry "CAN"]

1. c4 f5 2. Nf3 Nf6 3. Nc3 d6 4. g3 e5 5. d3 Nc6 6. Bg2 Bd7 7. Rb1 h6 8. b3 Be6
9. O-O Qd7 10. a3 d5 11. cxd5 Nxd5 12. Nxd5 Bxd5 13. b4 a6 14. Bb2 Qd6 15. Qa4
b5 16. Qc2 e4 17. Nd4 exd3 18. Qxd3 Bxg2 19. Kxg2 Qd5+ 20. Kg1 O-O-O 21. Rfd1
Nxd4 22. Bxd4 Be7 23. Qc3 Qf7 24. Rd3 Bf6 25. Bxf6 Qxf6 26. Qxf6 gxf6 27. Kg2
Rd7 28. Rxd7 Kxd7 29. Kf3 Re8 30. Kf4 Re5 31. Rc1 c6 32. h4 Rd5 33. Rc3 Kd6 34.
e4 fxe4 35. Kxe4 Ke6 36. Rxc6+ Rd6 37. Rxd6+ Kxd6 38. Kf5 Ke7 39. g4 Kf7 40. f4
Kg7 41. Ke6 Kg6 42. f5+ Kg7 43. h5 Kg8 44. Kxf6 Kf8 45. Kg6 Kg8 46. Kxh6 Kh8
47. Kg6 Kg8 48. f6 Kf8 49. Kf5 Kf7 50. g5 Kf8 51. g6 Kg8 52. Ke6 1-0

[Event "Samedi 2010.04.24"]
[Site "Ste-Foy CAN"]
[Date "2010.05.01"]
[Round "2"]
[White "Turgeon, Etienne"]
[Black "Doyon, Stephane"]
[Result "1-0"]
[WhiteElo "1381"]
[BlackElo "1620"]
[PlyCount "63"]
[EventDate "2010.04.24"]
[EventType "swiss"]
[EventRounds "5"]
[EventCountry "CAN"]

1. e4 c5 2. Nf3 d6 3. d4 cxd4 4. Nxd4 Nf6 5. Nc3 a6 6. Bc4 e6 7. Bb3 Be7 8. O-O
O-O 9. Be3 Nc6 10. f3 Na5 11. Qd2 e5 12. Nde2 Nxb3 13. cxb3 Be6 14. Rfd1 Qa5
15. Ng3 Rfd8 16. Qf2 Nd7 17. Nd5 Bf8 18. b4 Qb5 19. a4 Qc6 20. Rdc1 Nc5 21.
bxc5 Bxd5 22. exd5 Qxd5 23. cxd6 Rxd6 24. Rd1 Qxd1+ 25. Rxd1 Rxd1+ 26. Nf1 Ra1
27. Qc2 Rd8 28. Kf2 Rdd1 29. Nd2 g6 30. Qc8 Kg7 31. Bh6+ Kxh6 32. Qxf8+ 1-0

[Event "Samedi 2010.04.24"]
[Site "Ste-Foy CAN"]
[Date "2010.05.08"]
[Round "3"]
[White "Cummins, Paul"]
[Black "Espanol-Echevarria, Manuel"]
[Result "0-1"]
[WhiteElo "1840"]
[BlackElo "1869"]
[PlyCount "48"]
[EventDate "2010.04.24"]
[EventType "swiss"]
[EventRounds "5"]
[EventCountry "CAN"]

1. e4 e5 2. f4 d5 3. exd5 exf4 4. Nf3 Nf6 5. d4 Nxd5 6. Be2 Bd6 7. O-O O-O 8.
c4 Ne3 9. Bxe3 fxe3 10. Nc3 Bg4 11. Ne4 Bf4 12. g3 Bh6 13. d5 Nd7 14. Nd4 Bh3
15. Qc2 Bxf1 16. Rxf1 g6 17. Bg4 f5 18. Nxf5 gxf5 19. Bxf5 Rxf5 20. Rxf5 Qe7
21. Rh5 Re8 22. Rxh6 Qxe4 23. Qe2 Ne5 24. Rf6 Rf8 0-1

[Event "Samedi 2010.04.24"]
[Site "Ste-Foy CAN"]
[Date "2010.05.08"]
[Round "3"]
[White "Turgeon, Etienne"]
[Black "Gaudreau, Eric"]
[Result "1-0"]
[WhiteElo "1381"]
[BlackElo "1759"]
[PlyCount "29"]
[EventDate "2010.04.24"]
[EventType "swiss"]
[EventRounds "5"]
[EventCountry "CAN"]

1. e4 e6 2. d4 d5 3. Nc3 dxe4 4. Nxe4 Nd7 5. Nf3 Ngf6 6. Bd3 Nxe4 7. Bxe4 Nf6
8. Bd3 c5 9. O-O b6 10. Bg5 Qd6 11. Ne5 Bb7 12. Bb5+ Ke7 13. Qh5 g6 14. Bxf6+
Kxf6 15. Ng4+ 1-0

[Event "Samedi 2010.04.24"]
[Site "Ste-Foy CAN"]
[Date "2010.05.15"]
[Round "4"]
[White "Espanol-Echevarria, Manuel"]
[Black "Turgeon, Etienne"]
[Result "0-1"]
[WhiteElo "1869"]
[BlackElo "1381"]
[PlyCount "52"]
[EventDate "2010.04.24"]
[EventType "swiss"]
[EventRounds "5"]
[EventCountry "CAN"]

1. e4 c5 2. Nf3 d6 3. Bb5+ Bd7 4. Bxd7+ Nxd7 5. d4 cxd4 6. Qxd4 Ngf6 7. O-O g6
8. e5 dxe5 9. Nxe5 Bg7 10. Nc3 O-O 11. Rd1 Nxe5 12. Qxe5 Qb6 13. Be3 Qxb2 14.
Rab1 Qxc2 15. Rdc1 Qd3 16. Rd1 Qa6 17. Qxe7 Rac8 18. Bd4 Rfe8 19. Qb4 b6 20.
Nb5 Nd5 21. Qb3 Bxd4 22. Qxd5 Bc5 23. Qb3 Re2 24. Nd6 Bxd6 25. Rxd6 Qxa2 26.
Qd3 Rd2 0-1

[Event "Samedi 2010.04.24"]
[Site "Ste-Foy CAN"]
[Date "2010.05.22"]
[Round "5"]
[White "Cummins, Paul"]
[Black "Gaudreau, Eric"]
[Result "1/2-1/2"]
[WhiteElo "1840"]
[BlackElo "1759"]
[PlyCount "72"]
[EventDate "2010.04.24"]
[EventType "swiss"]
[EventRounds "5"]
[EventCountry "CAN"]

1. e4 e6 2. d3 c5 3. g3 b6 4. Bg2 Bb7 5. Nd2 d6 6. Ngf3 Nf6 7. O-O Nbd7 8. Re1
Be7 9. Nf1 O-O 10. h3 Re8 11. g4 Nf8 12. Ng3 N6d7 13. Be3 Rc8 14. d4 cxd4 15.
Nxd4 a6 16. c3 Ng6 17. Rc1 Nde5 18. b3 Bf6 19. f4 Bh4 20. Kh2 Nc6 21. Qe2 Nxd4
22. cxd4 b5 23. Rf1 Qd7 24. Nh5 Rxc1 25. Bxc1 Rc8 26. f5 Nf8 27. Be3 f6 28.
fxe6 Nxe6 29. d5 Nf8 30. Ng3 Bxg3+ 31. Kxg3 Ng6 32. Bd4 Qe7 33. Rf5 Qc7 34. Rf2
Qc1 35. h4 Ne5 36. Qd2 Qxd2 1/2-1/2

[Event "Scarborough CC Falling Leaves"]
[Site "Toronto CAN"]
[Date "2010.10.28"]
[Round "1"]
[White "Bzikot, Robert"]
[Black "Hall, John"]
[Result "0-1"]
[WhiteElo "2066"]
[BlackElo "2250"]
[PlyCount "78"]
[EventDate "2010.10.28"]
[EventType "swiss"]
[EventRounds "7"]
[EventCountry "CAN"]

1. e4 d6 2. d4 Nf6 3. Nc3 e5 4. dxe5 dxe5 5. Qxd8+ Kxd8 6. Bg5 Be6 7. O-O-O+
Nbd7 8. f4 exf4 9. Bxf6+ gxf6 10. Nf3 c6 11. Ne2 Bc5 12. Nfd4 Bg4 13. h3 Bh5
14. Rd2 Bxe2 15. Bxe2 Bxd4 16. Rxd4 Ke7 17. Bg4 Ne5 18. Bf5 Rhg8 19. Rd2 Rg7
20. Rf1 Rag8 21. Rxf4 Rxg2 22. Rxg2 Rxg2 23. b3 Ng6 24. Rf1 h6 25. a4 b6 26.
Kb2 Ne5 27. a5 b5 28. Rd1 Rg8 29. Kc3 Rd8 30. Rg1 c5 31. b4 Rd4 32. bxc5 Rc4+
33. Kb3 Rxc5 34. Rg8 Nc6 35. c3 Nxa5+ 36. Kb4 Nb7 37. Ra8 Rc4+ 38. Kxb5 Nd6+
39. Ka6 Ra4# 0-1

[Event "Scarborough CC Falling Leaves"]
[Site "Toronto CAN"]
[Date "2010.10.28"]
[Round "1"]
[White "Peng, Bill"]
[Black "Sharpe, Sam"]
[Result "1-0"]
[WhiteElo "2212"]
[BlackElo "1972"]
[PlyCount "90"]
[EventDate "2010.10.28"]
[EventType "swiss"]
[EventRounds "7"]
[EventCountry "CAN"]

1. e4 e6 2. d4 d5 3. e5 c5 4. c3 Nc6 5. Nf3 Qb6 6. Na3 cxd4 7. cxd4 Bb4+ 8. Bd2
Nge7 9. Nb5 Bxd2+ 10. Qxd2 O-O 11. Bd3 a6 12. Nc3 f6 13. Na4 Qb4 14. Qxb4 Nxb4
15. Bb1 fxe5 16. dxe5 b5 17. Nc5 Ng6 18. a3 Nc6 19. Bxg6 hxg6 20. Rc1 Na5 21.
O-O Nc4 22. Rc2 a5 23. Nd4 b4 24. Ncxe6 Bxe6 25. Nxe6 Rf5 26. Nc7 Ra7 27. Nxd5
Nxe5 28. axb4 Nd3 29. Rc8+ Kf7 30. Ne3 Rb5 31. bxa5 Raxa5 32. Nc4 Ra6 33. h3
Rb4 34. Rd1 Nxb2 35. Ne5+ Kf6 36. Re1 Rb7 37. Rf8+ Ke6 38. Nxg6+ Kd5 39. Nf4+
Kc4 40. Rc8+ Kb3 41. Ne6 Na4 42. Rb1+ Nb2 43. Nc5+ Ka2 44. Rf1 Raa7 45. Nxb7
Rxb7 1-0

[Event "Scarborough CC Falling Leaves"]
[Site "Toronto CAN"]
[Date "2010.10.28"]
[Round "1"]
[White "Picana, Andrew"]
[Black "Pedersen, Rune"]
[Result "1-0"]
[WhiteElo "2144"]
[BlackElo "2342"]
[PlyCount "81"]
[EventDate "2010.10.28"]
[EventType "swiss"]
[EventRounds "7"]
[EventCountry "CAN"]

1. Nf3 c5 2. c4 Nf6 3. Nc3 d5 4. cxd5 Nxd5 5. g3 Nc6 6. Bg2 Nc7 7. O-O e5 8. d3
Be7 9. Be3 O-O 10. Na4 Ne6 11. Rc1 Qa5 12. Bd2 Qc7 13. Nc3 Qd8 14. h4 Rb8 15.
Kh2 b6 16. Nb5 Bb7 17. Bc3 Ncd4 18. Nbxd4 exd4 19. Bd2 Bd5 20. Rh1 f5 21. Kg1
b5 22. Rh2 a5 23. Qe1 a4 24. a3 Re8 25. e3 dxe3 26. fxe3 Bxf3 27. Bxf3 Qxd3 28.
Bc3 b4 29. Rd2 Qa6 30. Be5 Rbc8 31. Bd5 c4 32. Qe2 bxa3 33. bxa3 Bxa3 34. Rxc4
Rxc4 35. Bxc4 Qa5 36. Rd5 Qa7 37. Qd3 Bc5 38. Rd8 Qf7 39. Rxe8+ Qxe8 40. Qxf5
Bxe3+ 41. Kh2 1-0

[Event "Scarborough CC Falling Leaves"]
[Site "Toronto CAN"]
[Date "2010.10.28"]
[Round "1"]
[White "Southam, David"]
[Black "Lin, Tony (Juntao)"]
[Result "1-0"]
[WhiteElo "2161"]
[BlackElo "1925"]
[PlyCount "119"]
[EventDate "2010.10.28"]
[EventType "swiss"]
[EventRounds "7"]
[EventCountry "CAN"]

1. d4 Nf6 2. c4 g6 3. Nc3 d5 4. cxd5 Nxd5 5. e4 Nxc3 6. bxc3 Bg7 7. Nf3 c5 8.
Be3 O-O 9. Rc1 cxd4 10. cxd4 Bg4 11. Be2 Bxf3 12. Bxf3 Qa5+ 13. Qd2 Qxd2+ 14.
Kxd2 Nc6 15. d5 Rfd8 16. Ke2 Ne5 17. Rc7 Rac8 18. Rhc1 Rxc7 19. Rxc7 Kf8 20.
Rxb7 a6 21. Ra7 Rb8 22. Rxa6 Rb2+ 23. Kd1 Bf6 24. Be2 g5 25. h3 Ng6 26. g3 Rb1+
27. Bc1 Bb2 28. Kc2 Rxc1+ 29. Kxb2 Re1 30. Bd3 Ne5 31. Kc2 Rh1 32. Kd2 Rxh3 33.
Be2 Rh2 34. Ke3 Rh1 35. a4 Ra1 36. a5 Nd7 37. Ra8+ Kg7 38. a6 Ra3+ 39. Kd2 Nc5
40. f3 h5 41. a7 Nd7 42. Bb5 Ne5 43. f4 Nf3+ 44. Kc1 gxf4 45. gxf4 h4 46. Bf1
Ng1 47. Kb2 Ra5 48. e5 h3 49. d6 h2 50. Bg2 exd6 51. exd6 Rb5+ 52. Kc2 Ra5 53.
d7 Ra2+ 54. Kb3 Rxg2 55. Rg8+ Kh6 56. Rh8+ Kg7 57. Rxh2 Rxh2 58. d8=Q Rh3+ 59.
Kb4 Rf3 60. Qg5+ 1-0